Psicología organizacional : (Record no. 92277)

MARC details
000 -CABECERA
campo de control de longitud fija 00759nam a2200217 a 4500
005 - FECHA Y HORA DE LA ÚLTIMA TRANSACCIÓN
campo de control 20230624064045.0
008 - ELEMENTOS DE LONGITUD FIJA--INFORMACIÓN GENERAL
campo de control de longitud fija 021007s2001 mx r 000 0 spa d
020 ## - NÚMERO INTERNACIONAL NORMALIZADO PARA LIBROS
Número Internacional Estándar del Libro 9706136126
035 ## - NÚMERO DE CONTROL DEL SISTEMA
Número de control de sistema UPN01000119927
049 ## - COLECCIÓN
Colección CG
050 #4 - SIGNATURA TOPOGRÁFICA DE LA BIBLIOTECA DEL CONGRESO
Número de clasificación BF698.9 O3
Número de documento/Ítem F8.68
100 1# - ASIENTO PRINCIPAL--NOMBRE PERSONAL
Nombre de persona Furnham, Adrian,
Fechas asociadas al nombre 1953-
9 (RLIN) 32337
245 10 - MENCIÓN DE TÍTULO
Título Psicología organizacional :
Resto del título el comportamiento del individuo en las organizaciones /
Mención de responsabilidad, etc. Adrian Furnham ; tr. Gustavo Pelcastre Ortega.
260 ## - PUBLICACIÓN, DISTRIBUCIÓN, ETC.
Lugar de publicación, distribución, etc. México :
Nombre del editor, distribuidor, etc. Oxford University,
Fecha de publicación, distribución, etc. c2001.
300 ## - DESCRIPCIÓN FÍSICA
Extensión 748 p.
590 ## - NOTA LOCAL (RLIN)
Nota local Bibliografía Básica (BGTQ)
590 ## - NOTA LOCAL (RLIN)
Nota local (También localizas un ejemplar en el "Area de Reserva")
650 #4 - ASIENTO SECUNDARIO DE MATERIA - TERMINO TEMATICO
Término de materia o nombre geográfico como elemento de entrada PERSONALIDAD Y OCUPACION
9 (RLIN) 22220
650 #4 - ASIENTO SECUNDARIO DE MATERIA - TERMINO TEMATICO
Término de materia o nombre geográfico como elemento de entrada Relaciones interpersonales
9 (RLIN) 1551
905 ## - TIPO DE MATERIAL
Tipo de material Libro
Holdings
Estado de retiro Estado de pérdida Fuente del sistema de clasificación o colocación Estado dañado No para préstamo Código de colección Localización permanente Ubicación/localización actual Ubicación en estantería Total de préstamos Clasificación Código de barras Fecha visto por última vez Número de copia Tipo de ítem Koha Restricciones de uso Fecha de adquisición Fecha del último préstamo
    Library of Congress Classification     Colección General Bib. Gregorio Torres Quintero Bib. Gregorio Torres Quintero Planta baja 14 BF698.9 O3 F8.68 194526 31/12/2020 1 Libro      
    Library of Congress Classification     Bibliografía básica Bib. Gregorio Torres Quintero Bib. Gregorio Torres Quintero Colecciones especiales Planta alta 15 BF698.9 O3 F8.68 239419 31/12/2020 1 Libro por horas Préstamo por horas 30/01/2023  
    Library of Congress Classification     Colección General Bib. Gregorio Torres Quintero Bib. Gregorio Torres Quintero Planta baja 15 BF698.9 O3 F8.68 221204 07/03/2025 1 Libro   30/08/2024 03/03/2025
    Library of Congress Classification     Colección General Bib. Gregorio Torres Quintero Bib. Gregorio Torres Quintero Planta baja 16 BF698.9 O3 F8.68 194527 27/10/2025 1 Libro   22/09/2023 13/10/2025
    Library of Congress Classification     Colección General Bib. Gregorio Torres Quintero Bib. Gregorio Torres Quintero Planta baja 10 BF698.9 O3 F8.68 225537 31/12/2020 1 Libro